• 首页
  • 本馆介绍
  • 公告通知
  • 最新文献
  • 馆藏检索
  • 电子资源
  • 读者导购
  • 参考咨询
  • 我的图书馆
  • 登录
  • 详细信息显示
  • 放入我的书架
  • 预约/预借图书
  • 作者相关作品
  • 分类相关作品
  • 丛书相关作品
  • 出版社相关作品

书目信息

  • 表格格式
  • 工作单格式
  • 卡片格式
书名: Process systems analysis and control
作者: Donald R. Coughanowr.
分册号:
分册名:
出版地: New York :
 
出版社: McGraw-Hill
出版时间: c1991.
页数: xvii, 566 p. :
开本: 25 cm.
丛书名: McGraw-Hill chemical engineering series
中图分类号:
科图分类号:
其他分类号: TQ021
主题词:
电子资源: http://www.loc.gov/catdir/toc/mh021/90041740.html      http://www.loc.gov/catdir/description/mh022/90041740.html     
000 01230pam a2200313 a 450
001 E0740571969
005 20070319112121.56
008 900613s1991 nyua b 001 0 eng
010    @a90041740
020    @a0070132127 :@c$51.95.
035    @A(DLC) 90041740
040    @aDLC@cDLC@dDLC
050 00 @aTP155.75@b.C68 1991
082 00 @a660/.2815@2 20
090    @aTQ021
099    @dTQ021@ex3=2
100 1  @aCoughanowr, Donald R.
245 10 @aProcess systems analysis and control / @cDonald R. Coughanowr.
250    @a2nd ed.
260    @aNew York :@bMcGraw-Hill,@cc1991.
300    @axvii, 566 p. :@bill. ;@c25 cm.
440  0 @aMcGraw-Hill chemical engineering series
504    @aIncludes bibliographical references (p. 559-560) and index.
650  0 @aChemical process control.
856 41 @3 Table of contents@uhttp://www.loc.gov/catdir/toc/mh021/90041740.html
856 42 @3 Publisher description@uhttp://www.loc.gov/catdir/description/mh022/90041740.html
906    @a7@bcbc@corignew@d1@eocip@f19@gy-gencatlg
955    @apc17 to be00 06-13-90; be20 to SCD 06-14-90;fg05 06-14-90; fp29 06-18-90; CIP ver. bl11/br08 to SL 01-22-91
991    @bc-GenColl@hTP155.75@i.C68 1991@p00019255426@tCopy 1@wBOOKS
    
    Process systems analysis and control / / Donald R. Coughanowr.-2nd ed.-New York : : McGraw-Hill, , c1991.
    xvii, 566 p. : : ill. ; ; 25 cm.- (McGraw-Hill chemical engineering series )
    Includes bibliographical references (p. 559-560) and index.
    
    ISBN 0070132127 :$51.95.
    
●
相关链接 在E读中查询图书 在五车中查询图书 在当当中查询图书 在豆瓣中查询图书


正题名:Process systems analysis and control     索取号:TQ021/x3=2         预约/预借

序号 登录号 条形码 馆藏地/架位号 状态 备注
1 0002658   300026585   第二样本阅览室/ [索取号:TQ021/x3=2] 在馆    
2 0002659   300026594   第四借阅区/ [索取号:TQ021/x3=2] 在馆    
3 0002660   300026601   第四借阅区/ [索取号:TQ021/x3=2] 在馆    
唐山师范学院图书馆 欢迎您!
大连网信软件有限公司© 版权所有